<?xml version="1.0" encoding="UTF-8"?><?xml-stylesheet type="text/xsl" href="static/style.xsl"?><OAI-PMH xmlns="http://www.openarchives.org/OAI/2.0/" xmlns:xsi="http://www.w3.org/2001/XMLSchema-instance" xsi:schemaLocation="http://www.openarchives.org/OAI/2.0/ http://www.openarchives.org/OAI/2.0/OAI-PMH.xsd"><responseDate>2026-04-13T07:03:27Z</responseDate><request verb="GetRecord" identifier="oai:www.recercat.cat:2445/145899" metadataPrefix="marc">https://recercat.cat/oai/request</request><GetRecord><record><header><identifier>oai:recercat.cat:2445/145899</identifier><datestamp>2025-12-05T12:27:34Z</datestamp><setSpec>com_2072_1057</setSpec><setSpec>col_2072_478916</setSpec><setSpec>col_2072_478917</setSpec><setSpec>col_2072_478927</setSpec></header><metadata><record xmlns="http://www.loc.gov/MARC21/slim" xmlns:dcterms="http://purl.org/dc/terms/" xmlns:xsi="http://www.w3.org/2001/XMLSchema-instance" xmlns:doc="http://www.lyncode.com/xoai" xsi:schemaLocation="http://www.loc.gov/MARC21/slim http://www.loc.gov/standards/marcxml/schema/MARC21slim.xsd">
   <leader>00925njm 22002777a 4500</leader>
   <datafield ind2=" " ind1=" " tag="042">
      <subfield code="a">dc</subfield>
   </datafield>
   <datafield ind2=" " ind1=" " tag="720">
      <subfield code="a">Torrente Castells, Eulàlia</subfield>
      <subfield code="e">author</subfield>
   </datafield>
   <datafield ind2=" " ind1=" " tag="720">
      <subfield code="a">Barbosa de Figueiredo, Rui Pedro</subfield>
      <subfield code="e">author</subfield>
   </datafield>
   <datafield ind2=" " ind1=" " tag="720">
      <subfield code="a">Berini Aytés, Leonardo</subfield>
      <subfield code="e">author</subfield>
   </datafield>
   <datafield ind2=" " ind1=" " tag="720">
      <subfield code="a">Gay Escoda, Cosme</subfield>
      <subfield code="e">author</subfield>
   </datafield>
   <datafield ind2=" " ind1=" " tag="260">
      <subfield code="c">2019-12-02T18:17:15Z</subfield>
   </datafield>
   <datafield ind2=" " ind1=" " tag="260">
      <subfield code="c">2019-12-02T18:17:15Z</subfield>
   </datafield>
   <datafield ind2=" " ind1=" " tag="260">
      <subfield code="c">2010-11-01</subfield>
   </datafield>
   <datafield ind2=" " ind1=" " tag="260">
      <subfield code="c">2019-12-02T18:17:15Z</subfield>
   </datafield>
   <datafield ind2=" " ind1=" " tag="520">
      <subfield code="a">Objetivos: describir las características clínicas de los pacientes diagnosticados de liquen plano oral (LPO) y conocer la prevalencia de su transformación maligna en nuestro medio. Diseño del estudio: se realizó un estudio retrospectivo de 65 pacientes diagnosticados clínica e histológicamente de LPO en el Servicio de Cirugía Bucal de la Clínica Odontológica de la Universidad de Barcelona entre los años 1990 y 2005. El análisis estadístico descriptivo y bivariable se efectuó con el programa S.P.S.S. v.12.0 para Windows. Resultados: la edad media de la muestra fue de 59 años (DE±14,9). El 61% eran mujeres y la localización más frecuente de las lesiones fue la mucosa yugal (90,8%). La forma blanca se apreció en un 66% y el 46.2% del total de los pacientes referían algún tipo de sintomatología. En aquellos pacientes diagnosticados de diabetes mellitus (20%) se registró una mayor proporción de lesiones rojas (p=0,088). No se encontró ninguna relación estadísticamente significativa entre los pacientes con patología hepática crónica y el tipo o sintomatología de las lesiones. Se identificaron 2 casos de carcinomas de células escamosas en dos pacientes que habían sido diagnosticados previa o simultáneamente de LPO. Se halló una relación estadísticamente significativa entre la existencia de alteraciones displásicas/malignización de las lesiones y la exposición al tabaco (p=0,019); también se apreció una asociación con el hábito alcohólico aunque de forma no significativa (p=0,085). Conclusiones: nuestra serie de pacientes tenía características clínicas similares a las descritas en otros estudios. Se observó que los pacientes diabéticos con LPO tienen una mayor predisposición a desarrollar lesiones atrófico-erosivas. Los pacientes con hábitos tabáquico y/o enólico fueron más susceptibles a presentar cambios displásicos/malignización en el estudio anátomopatológico de las lesiones.</subfield>
   </datafield>
   <datafield tag="653" ind2=" " ind1=" ">
      <subfield code="a">Liquen pla</subfield>
   </datafield>
   <datafield tag="653" ind2=" " ind1=" ">
      <subfield code="a">Diabetis</subfield>
   </datafield>
   <datafield tag="653" ind2=" " ind1=" ">
      <subfield code="a">Hepatitis</subfield>
   </datafield>
   <datafield tag="653" ind2=" " ind1=" ">
      <subfield code="a">Estudi de casos</subfield>
   </datafield>
   <datafield tag="653" ind2=" " ind1=" ">
      <subfield code="a">Lichen planus</subfield>
   </datafield>
   <datafield tag="653" ind2=" " ind1=" ">
      <subfield code="a">Diabetes</subfield>
   </datafield>
   <datafield tag="653" ind2=" " ind1=" ">
      <subfield code="a">Hepatitis</subfield>
   </datafield>
   <datafield tag="653" ind2=" " ind1=" ">
      <subfield code="a">Case studies</subfield>
   </datafield>
   <datafield ind2="0" ind1="0" tag="245">
      <subfield code="a">Características clínicas del liquen plano oral: estudio retrospectivo de 65 casos</subfield>
   </datafield>
</record></metadata></record></GetRecord></OAI-PMH>